000 00511nam a2200181Ia 4500
005 20250508151450.0
008 008 250505s9999 xx 000 0 eng d
037 _aTextual
040 _aFEDL
_beng
_cFEDL
041 _aeng
_2eng
084 _a157.3, LEW
_qFEDL
100 _aLewin Kurt et. al
_9759215
245 0 _aAuthority and frustration. Vol 20
260 _aIowa
_bUniversity of Iowa
_c1944
650 _aAbnormal Psychology
942 _cTEXL
_h157.3, LEW
999 _c1329981
_d1329981